Statistics for Mutant Mammoth Countries by Map

Click here to take the quiz!

General Stats

  • This quiz has been taken 224 times
  • The average score is 5 of 9

Answers on the Map

Answers color-coded by a green-red scale on the quiz's map according to % correct below.
Loading ...
 

Answer Stats

Answer% Correct
Italy
98%
Norway
80%
Vietnam
67%
Thailand
66%
South Korea
63%
North Korea
51%
Panama
41%
Saudi Arabia
16%
Latvia
14%

Score Distribution

Percentile by Number Answered

Percent of People with Each Score

Your Score History

You have not taken this quiz